Responses for Show #5519 - Thursday, September 11, 2008

Contestants

[<< previous game]

Daniel Scott, a college English professor from Providence, Rhode Island

Daphne Matalene, a magazine editor from New York, New York

Laura Novak, a family doctor from Akron, Ohio (whose 1-day cash winnings total $20,400)

[next game >>]

Jeopardy! Round responses

REDS
SHAMPOO
LOVE AFFAIR
SPLENDOR
IN THE GRASS
WARREN BEATTY
    $200 1
(Daniel: Who is Stalin?)

Mao Zedong

LauraDaniel
    $200 4
tears

Laura
    $200 12
Pride and Prejudice

Laura
    $200 11
Versailles

Daphne
    $200 23
bamboo

Daphne
    $200 21
Dick Tracy

Laura
    $400 2
Che Guevara

Daniel
    $400 7
Head & Shoulders

Daniel
    $400 13
Anna Karenina

Laura
    $400 17
the glory

Laura
    $400 27
(Laura: What is buffalo grass?)

pampas grass

LauraDaniel
    $400 22
Bonnie and Clyde

Laura
    $600 3
Lenin

Daphne
    $600 8
Prell

Laura
    $600 14
The Bridges of Madison County

Daphne
    $600 18
brilliance

Daphne
    $600 28
hay

Daphne
    $600 24
Heaven Can Wait

Daniel
    $800 5
Trotsky

Daniel
    $800 9
Selsun Blue

Laura
    $1,000 15
Doctor Zhivago

Daphne
    $800 19
radiance

Daphne
    $800 29
oats

Daphne
    $800 25
(Alex: And who could blame him?)

Bulworth

Daniel
    $1000 6
Romania

Laura
    $1000 10
Breck

Laura
    $1000 16
Jane Eyre

Daphne
    $1000 20
splendiferous (or resplendent)

Daphne
    $1000 30
Bermuda grass

Daniel
    $1000 26
Ishtar

Laura

Scores at the first commercial break (after clue 15):

Laura Daphne Daniel
$4,400 $2,400 $1,400

Scores at the end of the Jeopardy! Round:

Laura Daphne Daniel
$6,000 $7,400 $4,200

Double Jeopardy! Round responses

TOUGH BODIES OF WATER
CELEBS' ORIGINAL NAMES
(Alex: We'll give 'em to you.)
INSTRUMENTAL
ANNUAL EVENTS
ANATOMY
"FOR" WORDS
    $400 7
the Black Sea

Laura
    $400 19
Kareem Abdul-Jabbar

Laura
    $400 1
a banjo

Laura
    $400 9
San Francisco

Daphne
    $400 2
the circulatory system

Laura
    $400 26
foregone

Daphne
    $800 8
Loch Lomond

Daphne
    $800 22
Tony Orlando

Laura
    $800 14
(Laura: What is a bagpipe?)
(Alex: No. Daphne or Daniel? Oh, you're gonna hate yourself on this one. A [*].)
(Daniel: Oh.)
(Alex: [Imitates blowing and sucking, prompting laughter] That's about the way it sounds when I play it, too.)

harmonica

Laura
Triple Stumper
    $800 10
turkeys

Daphne
    $800 3
kidneys

Daniel
    $800 27
fortune

Daphne
    $1200 18
the Blue Nile

Daniel
    $1200 23
Clay Aiken

Daphne
    $1200 15
the tuba

Daniel
    $1200 11
Arbor Day

Daphne
    $1200 4
a hinge

Daniel
    $1200 28
forage

Daniel
    $2,000 20
(Laura: [Waking up suddenly] Oh. Uh, what is the [*]?)
(Alex: Were you planning on responding or just thinking about it? Were you--you weren't taking a nap, were you?)
(Daphne: She was gonna buzz in!)

the Caribbean Sea

Laura
    $1600 24
Tom Cruise

Daphne
    $1600 16
a drum

Daniel
    $3,000 12
(Daphne: What is Lansing?)

Battle Creek

Daphne
    $1600 5
insulin

Laura
    $1600 29
forensic

Daphne
    $2000 21
Nova Scotia

Daphne
    $2000 25
(Daniel: Was it William Wyler?)

Roman Polanski

Daniel
Triple Stumper
    $2000 17
a sounding board

Laura
    $2000 13
Veterans Day

Daphne
    $2000 6
(Laura: What is the cranium?)
(Alex: No... all right. Be more specific, then.)
(Laura: Oh, um, frontal--what is [*]?)
(Alex: That's it! Okay, good.)

the frontal bone

Laura
    $2000 30
(Laura: What is formic?)
(Daniel: Formiary? What is formiary?)
...
(Alex: Correct response--what is [*]?)
(Daphne: I didn't know that.)
(Alex: You left it a little short there, Laura. Sorry about that.)

formicary

LauraDaniel
Triple Stumper

Scores at the end of the Double Jeopardy! Round:

Laura Daphne Daniel
$13,200 $17,200 $7,400

[wagering suggestions for these scores]

Final Jeopardy! Round responses

LINES FROM 19th CENTURY NOVELS
(Alex: We're going to give you the line from a 19th century novel. We want you to name the work for us. Give us the title.)
(Alex: Ah, it was a strange case, indeed, but of what or whom?)
DanielWhat is Dr Jekyll and Mr Hyde?
$7,200
LauraWhat is Dr Jeckyll and Mr Hyde
$4,000
DaphneWhat is Dr. Jekyll + Mr. Hyde?
$9,201
Strange Case of Dr Jekyll and Mr Hyde

Final scores:

Laura Daphne Daniel
$17,200 $26,401 $14,600
2nd place: $2,000 New champion: $26,401 3rd place: $1,000

Game dynamics:

Coryat scores:

Laura Daphne Daniel
$12,800 $20,000 $7,400
21 R
(including 1 DD),
3 W
22 R
(including 1 DD),
1 W
(including 1 DD)
13 R,
3 W

Combined Coryat: $40,200

[game clues] [game scores] [suggest correction]

Game tape date: 2008-07-15
The J! Archive is created by fans, for fans. Scraping, republication, monetization, and malicious use prohibited; this site may use cookies and collect identifying information. See terms. The Jeopardy! game show and all elements thereof, including but not limited to copyright and trademark thereto, are the property of Jeopardy Productions, Inc. and are protected under law. This website is not affiliated with, sponsored by, or operated by Jeopardy Productions, Inc. Join the discussion at JBoard.tv.